Cmentarze i mogiły żołnierzy Armii Czerwonej w Wielkopolsce

Titel: Cmentarze i mogiły żołnierzy Armii Czerwonej w Wielkopolsce : analiza przestrzenno-historyczna = Kladbišča i mogily soldat Krasnoj armii v Velikopolʹše : prostranstvenno-istoričeskij analiz = Cementeries and graves of the Red Army soldiers in Greater Poland : spatial and historical analysis / Konstancja Pleskaczyńska, Adam Pleskaczyński
Verfasser: ;
Ausgabe: Wydanie I
Veröffentlicht: Warszawa : Wydawnictwo Stowarzyszenie Współpracy Polska-Wschód, 2018
Umfang: 345 Seiten : Illustrationen, Porträts, Pläne (farbig)
Format: Buch
Sprache: Polnisch; Russisch
Schlagworte:
ISBN: 9788363554330
Buchumschlag
X
alg: 50128150
001A    $03025:07-11-22 
001B    $03025:07-11-22 $t16:49:08.000 
001D    $03025:07-11-22 
001U    $0utf8 
001X    $00 
002@    $0Aax 
002C    $aText $btxt $2rdacontent 
002D    $aohne Hilfsmittel zu benutzen $bn $2rdamedia 
002E    $aBand $bnc $2rdacarrier 
003@    $0501281509 
004A    $A978-83-63554-33-0 
006C    $01047498372 $aOCoLC 
007A    $0BV045101678 $aBVB 
009P    $qapplication/pdf $3Inhaltsverzeichnis $uhttp://bvbr.bib-bvb.de:8991/F?func=service&doc_library=BVB01&local_base=BVB01&doc_number=030492253&sequence=000005&line_number=0001&func_code=DB_RECORDS&service_type=MEDIA $mDigitalisierung BSB München 19 - ADAM Catalogue Enrichment 
009P    $qapplication/pdf $3Inhaltsverzeichnis $uhttp://bvbr.bib-bvb.de:8991/F?func=service&doc_library=BVB01&local_base=BVB01&doc_number=030492253&sequence=000006&line_number=0002&func_code=DB_RECORDS&service_type=MEDIA $mDigitalisierung BSB München 19 - ADAM Catalogue Enrichment 
009P    $qapplication/pdf $3Literaturverzeichnis $uhttp://bvbr.bib-bvb.de:8991/F?func=service&doc_library=BVB01&local_base=BVB01&doc_number=030492253&sequence=000007&line_number=0003&func_code=DB_RECORDS&service_type=MEDIA $mDigitalisierung BSB München 19 - ADAM Catalogue Enrichment 
010@    $apol $arus 
010E    $erda 
011@    $a2018 $n2018 
021A    $aCmentarze i mogiły żołnierzy Armii Czerwonej w Wielkopolsce $danaliza przestrzenno-historyczna $fKladbišča i mogily soldat Krasnoj armii v Velikopolʹše $fprostranstvenno-istoričeskij analiz $fCementeries and graves of the Red Army soldiers in Greater Poland $fspatial and historical analysis $hKonstancja Pleskaczyńska, Adam Pleskaczyński 
027A    $a=a Кладбища и могилы солдат Красной армии в Великопольше $T01 $UCyrl 
028A    $BVerfasser $4aut $71163321885 $8Pleskaczyńska, Konstancja$Z20./21. Jh. [Tp3] $9434002488 
028C    $BVerfasser $4aut $71143962273 $8Pleskaczyński, Adam$Z20./21. Jh. [Tp3] $9419942661 
032@    $aWydanie I 
033A    $pWarszawa $nWydawnictwo Stowarzyszenie Współpracy Polska-Wschód 
034D    $a345 Seiten 
034M    $aIllustrationen, Porträts, Pläne (farbig) 
044K    $qBVB $RRossijskaja Social'-Demokratičeskaja Rabočaja Partija (Bol'ševikov) $RRussische SFSR $RSowjetunion $#Raboče-Krestʹjanskaja Krasnaja Armija Sowjetunion $#Sowjetunion, Krasnaja Armija $#Krasnaja Armija Sowjetunion $#Sowjetunion, Red Army $#Red Army Sowjetunion $#Sowjetunion, Armée rouge $#Armée rouge Sowjetunion $#Sowjetunion, Rote Armee $#Rote Armee Sowjetunion $#RKKA SSSR $7130443-4 $8Sowjetunion$bRaboče-Krestʹjanskaja Krasnaja Armija [Tb1] $9040793427 
044K    $qBVB $RMilitär $RKrieger $RSoldatin $#Soldiers $#Soldats $#Soldati $#Soldaten $#Soldat $#Legionär $#Soldaten $74055409-0 $8Soldat [Ts1] $9085154180 
044K    $qBVB $RBestattung $RFriedhof $RGräberfeld $#Tombs $#Tombes $#Sepulcros $#Begräbnisstätte $#Begräbnisplatz $#Grabstätte $#Grablege Grab $#Gräber $74021716-4 $8Grab [Ts1] $9085053074 
044K    $qBVB $RGräberfeld $RGrabmal $RGrab $#Cemeteries $#Cimetières $#Cimiteri $#Necrópolis $#Friedhof $#Gottesacker $#Kirchhof $#Friedhöfe $74018537-0 $8Friedhof [Ts1] $9085043907 
044K    $qBVB $RPolen $#Wielkopolska $#Polonia Maior $#Greater Poland $#Velkopolsko $#Grande-Pologne $#Nagy-Lengyelország $74223407-4 $8Großpolen [Tg1] $9086156667 
045T    $aOST $qDE-12 $2FID 
046L    $aText polnisch und russisch, Aus dem Polnischen übersetzt, Zusammenfassung in englischer Sprache, Teilweise kyrillische Schrift 

lok: 50128150 78

exp: 50128150 78 1 #EPN
201B/01 $007-11-22 $t16:49:08.000 
201C/01 $007-11-22 
201U/01 $0utf8 
203@/01 $01218117400 
208@/01 $a07-11-22 $be 
209A/01 $a/ $f000 $x00 
209A/01 $ab*p $x01 
220C/01 $apgar 
244Z/01 $#Generalgouvernement Polen $#Polska $#Rzeczpospolita Polska $#Polska Rzeczpospolita Ludowa $#Poland $#Pologne $#République Polonaise $#Generalne Gubernatorstwo w Polsce $#Polish People's Republic $#Polska Rzeczpospolita Polen $#PRL $#RP $#Polen Generalgouvernement $#Polska Generalgouvernement $#Besetzte Polnische Gebiete $#Besetztes Gebiet in Polen $#Okupowane Polskie Obszary $#Obszary Okupowane w Polsce $#Volksrepublik Polen $#Polska Rosyjska $#Republic Polen $#Respublika Pol'ša $#Pol'skaja Narodnaja Respublika $#République de Pologne $#Polen Links der Weichsel $#Polska po Lewej Stronie Wisły $#Lenkija $#Polija $#Gubernija Carstva Pol'skago $#Republik Polen $74046496-9 $8--Tg1--Polen $x01 $9085129801 
244Z/01 $#Wielkopolska $#Polonia Maior $#Greater Poland $#Velkopolsko $#Grande-Pologne $#Nagy-Lengyelország $74223407-4 $8--Tg1--Großpolen $x02 $9086156667 
247C/01 $82080>Marburg/Lahn, Herder-Institut, Forschungsbibliothek, Bibliographieportal $9336309341
LEADER 00000nam a22000002c 4500
001 501281509
003 DE-603
005 20221107164908.0
007 tu
008 221107s2018 xx |||| | u00||u|pol c
020 |a 9788363554330 
035 |a (DE-599)BVBBV045101678 
040 |a DE-603  |b ger  |c DE-603  |d DE-603  |e rda 
041 |a pol  |a rus 
084 |a OST  |q DE-12  |2 fid 
100 1 |a Pleskaczyńska, Konstancja  |d 20./21. Jh.  |e Verfasser  |4 aut  |0 (DE-603)434002488  |0 (DE-588)1163321885  |2 gnd 
245 0 0 |a Cmentarze i mogiły żołnierzy Armii Czerwonej w Wielkopolsce  |b analiza przestrzenno-historyczna = Kladbišča i mogily soldat Krasnoj armii v Velikopolʹše : prostranstvenno-istoričeskij analiz = Cementeries and graves of the Red Army soldiers in Greater Poland : spatial and historical analysis  |c Konstancja Pleskaczyńska, Adam Pleskaczyński 
246 1 3 |6 880-01/Cyrl  |a =a Кладбища и могилы солдат Красной армии в Великопольше 
250 |a Wydanie I 
264 1 |a Warszawa  |b Wydawnictwo Stowarzyszenie Współpracy Polska-Wschód  |c 2018 
300 |a 345 Seiten  |b Illustrationen, Porträts, Pläne (farbig) 
336 |a Text  |b txt  |2 rdacontent 
337 |a ohne Hilfsmittel zu benutzen  |b n  |2 rdamedia 
338 |a Band  |b nc  |2 rdacarrier 
546 |a Text polnisch und russisch, Aus dem Polnischen übersetzt, Zusammenfassung in englischer Sprache, Teilweise kyrillische Schrift 
610 1 7 |a Sowjetunion  |b Raboče-Krestʹjanskaja Krasnaja Armija  |2 gnd  |0 (DE-588)130443-4  |0 (DE-603)040793427 
650 7 |a Soldat  |0 (DE-588)4055409-0  |0 (DE-603)085154180  |2 gnd 
650 7 |a Grab  |0 (DE-588)4021716-4  |0 (DE-603)085053074  |2 gnd 
650 7 |a Friedhof  |0 (DE-588)4018537-0  |0 (DE-603)085043907  |2 gnd 
651 7 |a Großpolen  |0 (DE-588)4223407-4  |0 (DE-603)086156667  |2 gnd 
700 1 |a Pleskaczyński, Adam  |d 20./21. Jh.  |e Verfasser  |4 aut  |0 (DE-603)419942661  |0 (DE-588)1143962273  |2 gnd 
856 4 2 |m Digitalisierung BSB München 19 - ADAM Catalogue Enrichment  |q application/pdf  |u http://bvbr.bib-bvb.de:8991/F?func=service&doc_library=BVB01&local_base=BVB01&doc_number=030492253&sequence=000005&line_number=0001&func_code=DB_RECORDS&service_type=MEDIA  |3 Inhaltsverzeichnis 
856 4 2 |m Digitalisierung BSB München 19 - ADAM Catalogue Enrichment  |q application/pdf  |u http://bvbr.bib-bvb.de:8991/F?func=service&doc_library=BVB01&local_base=BVB01&doc_number=030492253&sequence=000006&line_number=0002&func_code=DB_RECORDS&service_type=MEDIA  |3 Inhaltsverzeichnis 
856 4 2 |m Digitalisierung BSB München 19 - ADAM Catalogue Enrichment  |q application/pdf  |u http://bvbr.bib-bvb.de:8991/F?func=service&doc_library=BVB01&local_base=BVB01&doc_number=030492253&sequence=000007&line_number=0003&func_code=DB_RECORDS&service_type=MEDIA  |3 Literaturverzeichnis 
924 0 |9 2080  |a (DE-603)1218117400  |b DE-2080  |c HES  |d d  |g /